Städte mit "K" - Statistiken

Allgemein
  • Dieses Quiz wurde 112 mal gespielt
  • Das Durchschnittsergebnis liegt bei 19 aus 52
Antwortstatistiken
Land Stadt % Korrekt
Ägypten 🇪🇬 Kairo
97%
Deutschland 🇩🇪 Köln
93%
Dänemark 🇩🇰 Kopenhagen
93%
Afghanistan 🇦🇫 Kabul
84%
Ukraine 🇺🇦 Kiew
82%
Polen 🇵🇱 Krakau
82%
Deutschland 🇩🇪 Karlsruhe
78%
Deutschland 🇩🇪 Kaiserslautern
75%
Jamaika 🇯🇲 Kingston
71%
Kuwait 🇰🇼 Kuwait -Stadt
71%
Südafrika 🇿🇦 Kapstadt
69%
Deutschland 🇩🇪 Kiel
69%
Deutschland 🇩🇪 Koblenz
68%
Deutschland 🇩🇪 Kassel
67%
Nepal 🇳🇵 Kathmandu
67%
Malaysia 🇲🇾 Kuala Lumpur
67%
Dem. Rep. Kongo Kinshasa
62%
Deutschland 🇩🇪 Krefeld
60%
Indien 🇮🇳 Kalkutta
49%
Deutschland 🇩🇪 Konstanz
48%
Österreich 🇦🇹 Klagenfurt
46%
Uganda 🇺🇬 Kampala
38%
Ruanda 🇷🇼 Kigali
38%
Deutschland 🇩🇪 Kerpen
28%
Deutschland 🇩🇪 Kehl
26%
Litauen 🇱🇹 Kaunas
24%
Deutschland 🇩🇪 Kleve
23%
Deutschland 🇩🇪 Königs Wusterhausen
23%
Russland 🇷🇺 Kaliningrad
22%
USA 🇺🇸 Kansas City
20%
Tschechien 🇨🇿 Karlsbad
20%
Pakistan 🇵🇰 Karatschi
18%
Polen 🇵🇱 Kattowitz
17%
Österreich 🇦🇹 Krems
17%
Deutschland 🇩🇪 Kaufbeuren
16%
Russland 🇷🇺 Kasan
14%
Nigeria 🇳🇬 Kano
10%
Irland 🇮🇪 Kilkenny
10%
Griechenland 🇬🇷 Korinth
9%
Deutschland 🇩🇪 Köthen (Anhalt)
8%
Türkei 🇹🇷 Konya
5%
Deutschland 🇩🇪 Kamenz
3%
Deutschland 🇩🇪 Konz
3%
Deutschland 🇩🇪 Kreuznach
2%
Deutschland 🇩🇪 Kühlungsborn
2%
Indien 🇮🇳 Kanpur
1%
Slowakei 🇸🇰 Kaschau
1%
Tschechien 🇨🇿 Königgrätz
1%
Österreich 🇦🇹 Kapfenberg
0%
Deutschland 🇩🇪 Kempton
0%
Deutschland 🇩🇪 Köpenick
0%
Polen 🇵🇱 Kwidzyn
0%
Keine übereinstimmenden Quizze gefunden
Verteilung der Resultate
Anzahl Personen mit jedem Resultat
Perzentil nach korrekt beantworteten Fragen
Ihre Resultats-Entwicklung
Sie haben dieses Quiz noch nicht gespielt